| 000 | 01241nam a2200277Ia 4500 | ||
|---|---|---|---|
| 999 |
_c40556 _d40556 |
||
| 001 | 7180 | ||
| 003 | GE_BSU | ||
| 005 | 20230904120155.0 | ||
| 008 | 181216s2013||||ge |||||||||||||| ||geo|| | ||
| 020 | _a9789941195082 | ||
| 040 | _cGE_BSU | ||
| 041 | _ageo | ||
| 080 | _a821.111.31 უ-13 | ||
| 100 |
_aუაილდი, ოსკარ _919761 |
||
| 245 |
_aდორიან გრეის პორტრეტი : _bრომანი / _cოსკარ უაილდი ; თამარ მაღრაძის თარგმანი ; რედ. ელენე სალარიძე. |
||
| 260 | _a. | ||
| 264 |
_aთბილისი : _bპალიტრა L, _c2013. |
||
| 300 |
_a285 გვ. ; _c22 სმ. |
||
| 490 |
_a50 წიგნი, რომელიც უნდა წაიკითხო სანამ ცოცხალი ხარ _vწ 8 _xISSN1987-9628 |
||
| 541 | _h10ლ. | ||
| 653 | _aრომანი | ||
| 653 | _aდორიან გრეის პორტრეტი | ||
| 700 |
_aმაღრაძე, თამარ _eმთარგმნელი _95525 |
||
| 700 |
_aსალარიძე, ელენე _eრედაქტორი _95199 |
||
| 942 |
_cBK _2udc |
||